Shortest Countries by Height - Statistics

General Stats
  • This quiz has been taken 48 times
  • The average score is 5 of 10
Answer Stats
Average Height Country % Correct
4 ft 11.75 inches (152 cm) Indonesia
68%
5 ft. 2.5 inches (159 cm) Vietnam
68%
5 ft 2.75 inches (159 cm) Malaysia
66%
5 ft 2.25 inches (158 cm) India
61%
5 ft 2 inches (157 cm) Peru
59%
5 ft 1.5 inches (156 cm) Philippines
57%
4 ft. 11.5 inches (151 cm) Bolivia
55%
5 ft 1.5 inches (156 cm) Sri Lanka
34%
5 ft 3.75 inches (162 cm) Nigeria
18%
5 ft 3.25 inches (161 cm) Iraq
14%
No matching quizzes found
Score Distribution
Percent of People with Each Score
Percentile by Number Answered
Your Score History
You have not taken this quiz